|
|
|
|
| LEADER |
00000nam0a2200000 4500 |
| 001 |
354239 |
| 005 |
20231102010654.0 |
| 035 |
|
|
|a (RuTPU)RU\TPU\retro\11497
|
| 090 |
|
|
|a 354239
|
| 100 |
|
|
|a 20200617d1972 k y0rusy50 ca
|
| 101 |
0 |
|
|a rus
|
| 102 |
|
|
|a RU
|
| 105 |
|
|
|a y z 101zy
|
| 200 |
1 |
|
|a Теоретические и экспериментальные проблемы рациональной разработки нефтяных месторождений
|h Ч. 2
|i Секция 3: Гидродинамика нефтяного пласта
|i Секция 4: Оптимизация процессов разработки и АСУ
|e тезисы докладов Всесоюзной конференции
|f Казанский государственный университет ; под ред. Г. Г. Тумашева ; под ред. В. Д. Чугунова ; под ред. Ю. М. Молоковича
|
| 210 |
|
|
|a Казань
|c Изд-во Казанского ун-та
|d 1972
|
| 215 |
|
|
|a 198 с.
|
| 320 |
|
|
|a Библиогр. в конце докл.
|
| 606 |
1 |
|
|a Нефтяные месторождения
|x Системы разработки
|2 stltpush
|3 (RuTPU)RU\TPU\subj\45964
|9 65153
|
| 610 |
1 |
|
|a материалы конференций
|
| 610 |
1 |
|
|a рациональная разработка
|
| 610 |
1 |
|
|a нефтяные пласты
|
| 610 |
1 |
|
|a гидродинамика
|
| 610 |
1 |
|
|a автоматические системы управления
|
| 610 |
1 |
|
|a АСУ
|
| 610 |
1 |
|
|a оптимизация
|
| 675 |
|
|
|a 622.276(063)
|v 4
|
| 702 |
|
1 |
|a Тумашев
|b Г. Г.
|4 340
|
| 702 |
|
1 |
|a Чугунов
|b В. Д.
|4 340
|
| 702 |
|
1 |
|a Молокович
|b Ю. М.
|4 340
|
| 712 |
0 |
2 |
|a Казанский государственный университет
|c (1804-2010)
|2 stltpush
|3 (RuTPU)RU\TPU\col\215
|9 23281
|
| 712 |
1 |
2 |
|a Теоретические и экспериментальные проблемы рациональной разработки нефтяных месторождений
|c конференция
|e Казань
|f 1972
|4 570
|
| 801 |
|
1 |
|a RU
|b 63413507
|c 20200617
|
| 801 |
|
2 |
|a RU
|b 63413507
|c 20201222
|g RCR
|
| 942 |
|
|
|c BK
|